Návrh opatrení k zlepšeniu hodnotenia zamestnancov : Bakalárska práca

Salvato in:
Dettagli Bibliografici
Autore principale: Martiniaková, Erika, 1988- (Autore)
Altri autori: Bilčík, Alexander, 1969- (Relatore della tesi)
Natura: Manoscritto Libro
Lingua:slovacco
Pubblicazione: Trnava : STU v Bratislave MTF UIPH, 2011
Soggetti:
Accesso online:VAIS
Tags: Aggiungi Tag
Nessun Tag, puoi essere il primo ad aggiungerne!!

MARC

LEADER 00000ntm a22000003a 4500
001 stu229011
005 20160719160603.2
008 110702s2011----xo------------------slo-d
040 |a STU  |b slo 
041 0 |a slo 
044 |a xo 
100 1 |a Martiniaková, Erika,  |d 1988-  |4 aut  |X 56918  |7 A000056918 
242 0 0 |a Suggest of improvement suggestion in evaluation of emplayees  |y eng 
245 1 |a Návrh opatrení k zlepšeniu hodnotenia zamestnancov :  |b Bakalárska práca 
260 |a Trnava :  |b STU v Bratislave MTF UIPH,  |c 2011 
300 |a 62 s., CD-ROM 
650 7 |a výkon  |2 stusub 
650 7 |a priemyselný podnik  |2 stusub 
650 7 |a performance  |2 estusub 
650 7 |a personálna práca v priemyselnom podniku  |2 stusub 
650 7 |a Personnel Policy in Industrial Plant  |2 estusub 
700 1 |a Bilčík, Alexander,  |d 1969-  |4 ths  |u M220  |U MTF Ústav inžinierskej pedagogiky a humatitných vied  |T MTF Katedra inžinierskej pedagogiky a psychológie  |X 3651  |U M220  |Y M220  |7 A000003651 
856 4 |a info a plný text  |u http://is.stuba.sk/zp/portal_zp.pl?podrobnosti=57613  |3 VAIS 
996 |c M*BP-5549  |l MMSKP  |s P  |a 0  |w stu229011_0001